000 00949cam a2200265 a 4500
001 000013871
005 20200929163358.0
008 040512s2003 cu a b 001 0 spa
020 _a9590105483
035 _a(UyMoLRL)lr18143
040 _aDO-SdBNP
_cDLC
043 _anwcu---
_an-us-fl
082 _a327.1297291
_bE43d
100 1 _aElizalde, Rosa Miriam,
_d1966-
_931414
245 1 4 _aLos disidentes :
_bagentes de la seguridad cubana revelan la historia real /
_cRosa Miriam Elizalde, Luis Báez Hernández.
246 3 0 _aAgentes de la seguridad cubana revelan la historia real
260 _aLa Habana, Cuba :
_bPolítica,
_c2003.
300 _a227 p. :
_bil. ;
_c23 cm.
504 _aIncluye referencias bibliográficas.
650 4 _aEspionaje
_zCuba
_vENTREVISTAS
_931415
650 4 _aDisidentes
_zCuba
_vENTREVISTAS
_931416
700 1 _aBáez Hernández, Luis
_d1936-
_931417
910 _aCatalogación por copia / LC
049 _aBNGR
999 _c13477
_d13477